000
00212nam a2200097Ia 4500
005
20251222114344.0
008
251222s1900||||xx |||||||||||||| ||spa||
082
_a
DVD194.3/E56
245
0
_a
Computación:
942
_c
DVD
999
_c
962
_d
962